000
00238 a2200097 4500
001
46093
100
_a
Kemp G
245
_a
Nuclear forces for medium powers Part I
260
_a
London
_b
International Institute
_c
090
_c
29197
_d
29197
942
_a
NUST-CAE
_c
M
_c
21332
999
_c
281166
_d
281166